00531nam a2200205 a 4500001001300000003000900013005001700022008004100039020002300080082001600103100001900119245003000138260004800168300000900216500003500225505001000260650001700270650001900287700001900306nice12345678IN_TiNIC20260116013046.0050524s1973 amea grp 000 0 eng  a0252024 c72000a953.03bDAW aDawn, C Ernest aFrom Ottomanism Toarabism aAmericabUniversity of Illinois Pressc1973 a206p aincludes index and biblioraphy2 aIndex aHistory-Arab aOttoman Empire1 aDawn, C Ernest